Treatment of mutilating hand injuries : (Record no. 216335)
[ view plain ]
| 000 -LEADER | |
|---|---|
| fixed length control field | 00919nam a22002657a 4500 |
| 005 - DATE AND TIME OF LATEST TRANSACTION | |
| control field | 20260225121051.0 |
| 008 - FIXED-LENGTH DATA ELEMENTS--GENERAL INFORMATION | |
| fixed length control field | 260225b ||||| |||| 00| 0 eng d |
| 020 ## - INTERNATIONAL STANDARD BOOK NUMBER | |
| International Standard Book Number | 9780323476843 |
| 040 ## - CATALOGING SOURCE | |
| Original cataloging agency | LC |
| Transcribing agency | UNZA |
| Description conventions | RDA |
| 050 ## - LIBRARY OF CONGRESS CALL NUMBER | |
| Classification number | RD 559 |
| Item number | TRE 2016 |
| 245 ## - TITLE STATEMENT | |
| Title | Treatment of mutilating hand injuries : |
| Remainder of title | an international perspective : hand clinics / |
| Statement of responsibility, etc. | editor, S. Raja Sabapathy; Consulting editor, Kelvin C. Chung, www.hand.theclinics.com. |
| 260 ## - PUBLICATION, DISTRIBUTION, ETC. | |
| Place of publication, distribution, etc. | Philadelphia, Pennsylvania : |
| Name of publisher, distributor, etc. | Elsevier, |
| Date of publication, distribution, etc. | 2016. |
| 300 ## - PHYSICAL DESCRIPTION | |
| Extent | xi, 602 pages : |
| Other physical details | illustrations. |
| 336 ## - CONTENT TYPE | |
| CONTENT TYPE | Text |
| 337 ## - MEDIA TYPE | |
| MEDIA TYPE | Unmediated |
| 338 ## - CARRIER TYPE | |
| CARRIER TYPE | Volume |
| 440 ## - SERIES STATEMENT/ADDED ENTRY--TITLE | |
| Number of part/section of a work | No. 4 |
| Volume/sequential designation | V. 32 |
| 504 ## - BIBLIOGRAPHY, ETC. NOTE | |
| Bibliography, etc. note | Includes bibliographical references and index. |
| 650 ## - SUBJECT ADDED ENTRY--TOPICAL TERM | |
| Topical term or geographic name entry element | Hand |
| General subdivision | Surgery. |
| 650 ## - SUBJECT ADDED ENTRY--TOPICAL TERM | |
| Topical term or geographic name entry element | Hand wounds and injuries. |
| 650 ## - SUBJECT ADDED ENTRY--TOPICAL TERM | |
| Topical term or geographic name entry element | Surgery plastic. |
| 700 ## - ADDED ENTRY--PERSONAL NAME | |
| Personal name | Sabapathy, S. Raja |
| Relator term | editor |
| 700 ## - ADDED ENTRY--PERSONAL NAME | |
| Personal name | Chung, Kevin C. |
| Relator term | consulting editor |
| 999 ## - | |
| -- | 216335 |
| -- | 216335 |
| 942 ## - ADDED ENTRY ELEMENTS (KOHA) | |
| Koha item type | Book |
| Withdrawn status | Lost status | Source of classification or shelving scheme | Damaged status | Not for loan | Collection code | Home library | Current library | Shelving location | Date acquired | Source of acquisition | Total Checkouts | Full call number | Barcode | Date last seen | Copy number | Cost, replacement price | Price effective from | Koha item type |
|---|---|---|---|---|---|---|---|---|---|---|---|---|---|---|---|---|---|---|
| Library of Congress Classification | Non-fiction | Medical Library | Medical Library | On Shelf | 02/25/2026 | Donation | RD 559 TRE 2016 | 33729000171368 | 02/25/2026 | 1 | 300.00 | 02/25/2026 | Book |